00570nam a2200217 a 4500001001300000003000900013005001700022008004100039020002200080082001700102100002000119245001600139260003500155300000900190500003500199505001700234650002200251650003300273650002600306700002000332nice12345678IN_TiNIC20260116012257.0050524s1984 vena grp 000 0 eng  a0830759 c7000a266.009bRIC aRichardson, Don aPeace Child aVentura, CAbRegal Booksc1984 a288p aincludes index and biblioraphy2 aBibliography aMission-Christian aCommunication-Cross Cultural aAnthropology-Cultural1 aRichardson, Don